000 004960000a22001690004500
090 _aAR
_b02902
245 1 0 _aBiological diversity and probability of local extinction of ecosystems
650 1 4 _aEcosistemas en peligro
_996341
650 1 4 _aRiqueza de especies
_93326
650 1 4 _aModelación
_992835
650 1 4 _aEcología
_992250
041 0 _aInglés
700 1 _aImpens, I.
_996413
100 1 _aNijs, I.
_996414
942 _cARTICULO
773 1 _tFunctional Ecology
_3310
_q46-54
_d2000
_g14
999 _c11962
_d11962